Countries Least Similar To Russia - Statistics

General Stats
  • This quiz has been taken 50 times
  • The average score is 6 of 20
Answer Stats
Rank Country Score % Correct
14 Niger 43.9
61%
11 Chad 43.5
59%
1 Somalia 38.5
55%
7 Sudan 42.5
50%
19 Ethiopia 44.8
39%
8 Yemen 42.9
36%
10 Eritrea 43.3
34%
8 Gambia 42.9
32%
17 Uganda 44.5
30%
3 Bangladesh 41.6
25%
17 Lesotho 44.5
25%
2 Papua New Guinea 40.9
23%
12 Burundi 43.6
20%
6 Malawi 42.3
20%
19 Tanzania 44.8
20%
13 Bhutan 43.7
14%
15 East Timor 44.1
14%
15 Guinea-Bissau 44.1
14%
5 Solomon Islands 42.0
14%
3 Sierra Leone 41.6
11%
No matching quizzes found
Score Distribution
Percent of People with Each Score
Percentile by Number Answered
Your Score History
You have not taken this quiz